<?xml version="1.0" encoding="UTF-8"?>
<record
    xmlns:xsi="http://www.w3.org/2001/XMLSchema-instance"
    xsi:schemaLocation="http://www.loc.gov/MARC21/slim http://www.loc.gov/standards/marcxml/schema/MARC21slim.xsd"
    xmlns="http://www.loc.gov/MARC21/slim">

  <leader>00960nam a2200217 i 4500</leader>
  <controlfield tag="001">181773</controlfield>
  <controlfield tag="003">ES-MaACL</controlfield>
  <controlfield tag="005">20230906221442.0</controlfield>
  <controlfield tag="008">130326s1926    sp |         |||| ||spa d</controlfield>
  <datafield tag="080" ind1=" " ind2=" ">
    <subfield code="a">904(460.186)</subfield>
  </datafield>
  <datafield tag="100" ind1="1" ind2=" ">
    <subfield code="a">Taracena Aguirre, Blas.</subfield>
    <subfield code="9">109258</subfield>
  </datafield>
  <datafield tag="245" ind1="1" ind2="0">
    <subfield code="a">Excavaciones en diversos lugares de la provincia de Soria </subfield>
    <subfield code="b">: memoria de los resultados obtenidos en el a&#xF1;o 1924 / </subfield>
    <subfield code="c">redactada por Blas Taracena Aguirre.</subfield>
  </datafield>
  <datafield tag="260" ind1=" " ind2=" ">
    <subfield code="a">Madrid : </subfield>
    <subfield code="b">[s.n.], </subfield>
    <subfield code="c">1926 (</subfield>
    <subfield code="f">Tip. de la "Revista de Archivos")</subfield>
  </datafield>
  <datafield tag="300" ind1=" " ind2=" ">
    <subfield code="a">37 p., XII l&#xE1;m. : </subfield>
    <subfield code="b">il. ; </subfield>
    <subfield code="c">25 cm.</subfield>
  </datafield>
  <datafield tag="490" ind1="1" ind2=" ">
    <subfield code="a">Junta Superior de Excavaciones y Antig&#xFC;edades ; </subfield>
    <subfield code="v">n. 75 = n. 5, 1924-25</subfield>
  </datafield>
  <datafield tag="650" ind1="0" ind2="4">
    <subfield code="a">Excavaciones arqueol&#xF3;gicas-</subfield>
    <subfield code="z">Soria (Provincia)</subfield>
    <subfield code="9">12648</subfield>
  </datafield>
  <datafield tag="710" ind1="2" ind2=" ">
    <subfield code="a">Espa&#xF1;a. </subfield>
    <subfield code="b">Junta Superior de Excavaciones y Antig&#xFC;edades.</subfield>
    <subfield code="9">152463</subfield>
  </datafield>
  <datafield tag="830" ind1="0" ind2=" ">
    <subfield code="a">Junta Superior de Excavaciones y Antig&#xFC;edades ; </subfield>
    <subfield code="v">n. 75 = n. 5, 1924-25</subfield>
    <subfield code="9">191570</subfield>
  </datafield>
  <datafield tag="852" ind1=" " ind2=" ">
    <subfield code="a">ES-MaACL</subfield>
    <subfield code="j">E-3374(5)</subfield>
  </datafield>
  <datafield tag="999" ind1=" " ind2=" ">
    <subfield code="c">181773</subfield>
    <subfield code="d">181773</subfield>
  </datafield>
  <datafield tag="952" ind1=" " ind2=" ">
    <subfield code="0">0</subfield>
    <subfield code="1">0</subfield>
    <subfield code="4">0</subfield>
    <subfield code="7">0</subfield>
    <subfield code="a">ATENEOM</subfield>
    <subfield code="b">ATENEOM</subfield>
    <subfield code="c">DEPO2</subfield>
    <subfield code="d">2013-03-26</subfield>
    <subfield code="e">DON</subfield>
    <subfield code="l">0</subfield>
    <subfield code="o">E-3374(5)</subfield>
    <subfield code="p">1191023</subfield>
    <subfield code="r">2023-02-23 00:00:00</subfield>
    <subfield code="w">2023-02-23</subfield>
    <subfield code="y">MONOGRAFIA</subfield>
  </datafield>
</record>
